[Event "World Rapid 2017"]
[Site "Riyadh KSA"]
[Date "2017.12.27"]
[Round "10.34"]
[White "Eljanov, Pavel"]
[Black "Zhigalko, Sergei"]
[Result "0-1"]
[WhiteTitle "GM"]
[BlackTitle "GM"]
[WhiteElo "2711"]
[BlackElo "2641"]
[WhiteFideId "14102951"]
[BlackFideId "13502956"]
[EventDate "2017.12.26"]

1. Nf3 d5 2. g3 c6 3. Bg2 Bg4 4. O-O e6 5. h3 Bh5 6. d4 Nf6 7. c4 Nbd7 8. cxd5
exd5 9. Qb3 Qb6 10. Qe3+ Be7 11. Nc3 Qd8 12. Rd1 O-O 13. Ne5 Nxe5 14. dxe5 Nd7
15. g4 Bg6 16. Qg3 f5 17. gxf5 Bh4 18. Qe3 Rxf5 19. f4 Qe7 20. Rf1 Nc5 21. Qd2
Rh5 22. Bf3 Rh6 23. Bg4 Ne4 24. Nxe4 Bxe4 25. Qc3 Rf8 26. Be3 b6 27. f5 Bg5 28.
e6 Bxe3+ 29. Qxe3 Rhf6 30. Rac1 c5 31. b4 c4 32. Qg5 Qxb4 33. Rf4 h6 34. Qh4 g5 0-1

[Event "World Rapid 2017"]
[Site "Riyadh KSA"]
[Date "2017.12.27"]
[Round "10.35"]
[White "Bacrot, Etienne"]
[Black "Socko, Bartosz"]
[Result "1-0"]
[WhiteTitle "GM"]
[BlackTitle "GM"]
[WhiteElo "2725"]
[BlackElo "2593"]
[WhiteFideId "605506"]
[BlackFideId "1107038"]
[EventDate "2017.12.26"]

1. e4 e6 2. d4 d5 3. exd5 exd5 4. Nf3 Bd6 5. c4 Nf6 6. c5 Be7 7. Qa4+ c6 8. Bd3
O-O 9. O-O Re8 10. Nc3 Nbd7 11. Bf4 Nf8 12. h3 Ne6 13. Bh2 Nh5 14. Rfe1 Nhf4 15.
Bf1 Bf6 16. Rad1 Bd7 17. Qc2 b6 18. b4 a5 19. b5 Rc8 20. cxb6 cxb5 21. b7 Rc7
22. Qd2 g5 23. Nxb5 Bxb5 24. Bxb5 Rf8 25. Ba6 Rc6 26. Rb1 Rxa6 27. b8=Q Qxb8 28.
Rxb8 Rxb8 29. h4 h6 30. hxg5 hxg5 31. Bxf4 gxf4 32. a3 Rb3 33. Qc2 Rab6 34. Rxe6
fxe6 35. Qg6+ Bg7 36. Ng5 Rb8 37. Qh7+ Kf8 38. Nxe6+ Ke7 39. Nxg7 f3 40. Nf5+
Kf6 41. g4 Kg5 42. Qh5+ Kf4 43. Ng3 Rf8 44. Qh6+ Kxg4 45. Qh5+ 1-0

[Event "World Rapid 2017"]
[Site "Riyadh KSA"]
[Date "2017.12.27"]
[Round "10.36"]
[White "Andriasian, Zaven"]
[Black "Meier, Georg"]
[Result "1/2-1/2"]
[WhiteTitle "GM"]
[BlackTitle "GM"]
[WhiteElo "2585"]
[BlackElo "2650"]
[WhiteFideId "13302000"]
[BlackFideId "4675789"]
[EventDate "2017.12.26"]

1. Nf3 d5 2. g3 Bg4 3. Bg2 e6 4. c4 c6 5. cxd5 Bxf3 6. Bxf3 cxd5 7. O-O Nc6 8.
d3 Nf6 9. Nc3 Be7 10. Bd2 O-O 11. a3 Qd7 12. Bg2 Rac8 13. Rc1 h6 14. Re1 Rfd8
15. b4 Ne8 16. Qa4 a6 17. Rb1 Nd6 18. Rec1 Bf6 19. Qd1 b5 20. a4 Be7 21. axb5
axb5 22. Bf4 Nf5 1/2-1/2

[Event "World Rapid 2017"]
[Site "Riyadh KSA"]
[Date "2017.12.27"]
[Round "10.37"]
[White "Fedorchuk, Sergey A."]
[Black "Miton, Kamil"]
[Result "1/2-1/2"]
[WhiteTitle "GM"]
[BlackTitle "GM"]
[WhiteElo "2648"]
[BlackElo "2584"]
[WhiteFideId "14102536"]
[BlackFideId "1111914"]
[EventDate "2017.12.26"]

1. e4 e6 2. d4 d5 3. Bd3 dxe4 4. Bxe4 Nf6 5. Bf3 Nbd7 6. Nc3 c6 7. Bf4 Nd5 8.
Bg3 N7f6 9. Nge2 Bd6 10. Qd2 O-O 11. Nxd5 Nxd5 12. Be4 b6 13. c4 Bb4 14. Nc3
Nxc3 15. bxc3 Bd6 16. Bxc6 Rb8 17. O-O Bxg3 18. hxg3 Ba6 19. Bb5 Bb7 20. Rfd1
Qc7 21. d5 Rfd8 22. d6 Qc5 23. Qd4 Qxd4 24. Rxd4 Rbc8 25. Rb1 Rc5 26. Rb4 Bc6
27. Rb3 e5 28. Rd2 f6 29. Ra3 Bxb5 30. cxb5 Rd7 31. Rxa7 Rxa7 32. d7 Rxd7 33.
Rxd7 Rxb5 34. Rb7 Rb1+ 35. Kh2 Ra1 36. Rxb6 Rxa2 37. f3 Rc2 38. Rc6 Kf7 1/2-1/2

[Event "World Rapid 2017"]
[Site "Riyadh KSA"]
[Date "2017.12.27"]
[Round "10.38"]
[White "Khismatullin, Denis"]
[Black "Almasi, Zoltan"]
[Result "0-1"]
[WhiteTitle "GM"]
[BlackTitle "GM"]
[WhiteElo "2632"]
[BlackElo "2682"]
[WhiteFideId "4142578"]
[BlackFideId "702293"]
[EventDate "2017.12.26"]

1. c4 c5 2. Nf3 Nc6 3. d4 cxd4 4. Nxd4 Nf6 5. Nc3 g6 6. e4 d6 7. Be2 Nxd4 8.
Qxd4 Bg7 9. Be3 O-O 10. Qd2 a5 11. O-O a4 12. Rac1 Qa5 13. f3 Be6 14. Nd5 Qxd2
15. Bxd2 Bxd5 16. cxd5 Nd7 17. Rc2 Bd4+ 18. Kh1 Rfc8 19. Rfc1 Rxc2 20. Rxc2 Nc5
21. g3 Kg7 22. Kg2 h5 23. Bg5 Kf8 24. Kf1 Ke8 25. Kg2 Kf8 26. Bc1 Kg7 27. f4 a3
28. bxa3 Nxe4 29. Rc4 Nc3 30. Bf3 Bf6 31. Bb2 0-1

[Event "World Rapid 2017"]
[Site "Riyadh KSA"]
[Date "2017.12.27"]
[Round "10.39"]
[White "Movsesian, Sergei"]
[Black "Kovalev, Vladislav"]
[Result "1-0"]
[WhiteTitle "GM"]
[BlackTitle "GM"]
[WhiteElo "2647"]
[BlackElo "2639"]
[WhiteFideId "310204"]
[BlackFideId "13504398"]
[EventDate "2017.12.26"]

1. e4 e5 2. Nf3 Nc6 3. Nc3 Nf6 4. Bb5 Bc5 5. d3 d6 6. h3 O-O 7. O-O Nd4 8. Ba4
c6 9. Nxd4 Bxd4 10. Ne2 Bb6 11. Ng3 h6 12. Qf3 Nh7 13. c3 Ng5 14. Qe2 Qf6 15.
Kh2 Ne6 16. Nh5 Qg6 17. f4 exf4 18. Nxf4 Nxf4 19. Bxf4 f5 20. e5 dxe5 21. Bxe5
Re8 22. d4 Bc7 23. Rad1 Qg5 24. Bb3+ Kh8 25. Qd3 Bxe5+ 26. dxe5 Qe7 27. Qd6
Qxe5+ 28. Qxe5 Rxe5 29. Rd8+ Kh7 30. Rfd1 b5 31. Rf8 Re7 32. Rdd8 Rc7 33. h4 g5
34. Rh8+ Kg7 35. Rdg8+ Kf6 36. Rxh6+ Ke5 37. hxg5 Bb7 38. Re6+ Kf4 39. g3+ Kf3
40. Rxa8 Bxa8 41. g6 c5 42. Rf6 Be4 43. Rf7 Rc6 44. Bd1+ Ke3 45. Bh5 f4 46. g7
Rh6 47. g4 Rd6 48. Kh3 Bh7 49. Re7+ Kf2 50. g5 f3 51. Rf7 Rd3 52. Rf8 b4 53. g6
bxc3 54. bxc3 Bg8 55. Rxg8 Rd7 56. Rf8 1-0

[Event "World Rapid 2017"]
[Site "Riyadh KSA"]
[Date "2017.12.27"]
[Round "10.40"]
[White "Kasimdzhanov, Rustam"]
[Black "Grigoriants, Sergey"]
[Result "1/2-1/2"]
[WhiteTitle "GM"]
[BlackTitle "GM"]
[WhiteElo "2683"]
[BlackElo "2561"]
[WhiteFideId "14200244"]
[BlackFideId "4130804"]
[EventDate "2017.12.26"]

1. e4 c6 2. d4 d5 3. exd5 cxd5 4. Bd3 Nc6 5. c3 Nf6 6. h3 g6 7. Nf3 Bf5 8. Be2
Qc7 9. Na3 a6 10. Nc2 Bg7 11. Ne3 Bd7 12. O-O O-O 13. Re1 e6 14. Bd3 b5 15. Ne5
b4 16. Bd2 bxc3 17. Bxc3 Qb6 18. Bc2 Rfc8 19. Qd2 Be8 20. Rad1 a5 21. a3 a4 22.
N3g4 Nxe5 23. Nxe5 Nd7 24. Ng4 Nf6 25. Ne5 Nd7 26. f4 f5 27. Nxd7 1/2-1/2

[Event "World Rapid 2017"]
[Site "Riyadh KSA"]
[Date "2017.12.27"]
[Round "10.41"]
[White "Duda, Jan-Krzysztof"]
[Black "Sethuraman, S.P."]
[Result "1-0"]
[WhiteTitle "GM"]
[BlackTitle "GM"]
[WhiteElo "2717"]
[BlackElo "2646"]
[WhiteFideId "1170546"]
[BlackFideId "5021596"]
[EventDate "2017.12.26"]

1. d4 Nf6 2. Nf3 e6 3. Bg5 h6 4. Bh4 d5 5. e3 Be7 6. Bd3 b6 7. Ne5 Bb7 8. Nd2
Nfd7 9. Bg3 Nxe5 10. Bxe5 Bf6 11. Bxf6 Qxf6 12. O-O Nd7 13. f4 O-O 14. Nf3 Qe7
15. g4 Nf6 16. Ne5 Ne4 17. Rf3 Rfd8 18. g5 hxg5 19. Rh3 g6 20. Bxe4 dxe4 21. Qg4
f5 22. Qxg5 Qxg5+ 23. fxg5 c5 24. c3 cxd4 25. exd4 Rac8 26. Rh6 Rc7 27. h4 Rg7
28. Rf1 Ba6 29. Rf4 Bb5 30. Nxg6 Rh7 31. Rxh7 Kxh7 32. Ne5 Be8 33. h5 b5 34. Kf2
b4 35. Ke3 bxc3 36. bxc3 Rb8 37. Rf1 Rb2 38. g6+ Kh6 39. Rg1 Rb7 40. c4 Rg7 41.
Kf4 e3 42. Kxe3 Rb7 43. Kf4 a5 44. c5 a4 45. c6 Rc7 46. g7 Rxg7 47. Rxg7 Kxg7
48. c7 1-0

[Event "World Rapid 2017"]
[Site "Riyadh KSA"]
[Date "2017.12.27"]
[Round "10.42"]
[White "Christiansen, Johan-Sebastian"]
[Black "Vidit, Santosh Gujrathi"]
[Result "1/2-1/2"]
[WhiteTitle "IM"]
[BlackTitle "GM"]
[WhiteElo "2495"]
[BlackElo "2715"]
[WhiteFideId "1512668"]
[BlackFideId "5029465"]
[EventDate "2017.12.26"]

1. e4 e5 2. Nf3 Nc6 3. Nc3 Nf6 4. a3 d5 5. Bb5 d4 6. Ne2 Qd6 7. O-O Bd7 8. d3
Be7 9. Ng3 g6 10. Bh6 Ng4 11. Bd2 h5 12. h3 Nf6 13. c3 h4 14. Ne2 dxc3 15. Bxc3
Rh5 16. Qb3 Be6 17. Qa4 Nd7 18. Qc2 O-O-O 19. Bxc6 Qxc6 20. d4 exd4 21. Nfxd4
Qb6 22. Nxe6 fxe6 23. Nf4 Rg5 24. Rad1 Qc6 25. Rfe1 Rf8 26. Qd2 Nc5 27. Qe3 b6
28. Nd5 exd5 29. exd5 Rxd5 30. Qxe7 Rxd1 31. Rxd1 Rf4 32. b4 Ne6 33. Be5 Re4 34.
Qf6 Kb7 35. Bb2 g5 36. Rc1 Qd5 37. Qf3 Nf4 38. Rd1 Qf5 39. Kh2 Kc8 40. Bf6 Qe6
41. Rd8+ Kb7 42. Rd4 Qxf6 43. Qxe4+ Kb8 44. Qe8+ Kb7 45. Qe4+ Kb8 46. Rc4 Qd6
47. Rc6 Qd2 48. Qe5 Nd5 49. Rg6 Nf4 50. Rg8+ Kb7 51. Qe4+ Nd5 52. Rf8 b5 53. Qe8
Nb6 54. Rf6 Qc3 55. Qe4+ Ka6 56. Rc6 Qd2 57. Qf3 Qd4 58. Qe3 Qd8 59. Qc5 Kb7 60.
Qxb5 Qd2 61. Qc5 Qf4+ 62. Kg1 a6 63. Qc1 Qe5 64. Rc5 Nd5 65. b5 axb5 66. Rxb5+
Kc8 67. Qb1 c6 68. Ra5 Qf6 69. Ra7 Nb6 70. Ra6 Nd5 71. Ra7 Nb6 72. a4 Qd4 73.
Rh7 Nd7 74. a5 Qa4 75. Qf5 Qd1+ 76. Kh2 Qd6+ 77. f4 gxf4 78. Rxd7 Qxd7 79. Qf8+
Kb7 80. Qxf4 Qe7 81. Qa4 Qe5+ 82. Kh1 Qe1+ 83. Kh2 Qg3+ 84. Kh1 Qe1+ 1/2-1/2

[Event "World Rapid 2017"]
[Site "Riyadh KSA"]
[Date "2017.12.27"]
[Round "10.43"]
[White "Ivanchuk, Vassily"]
[Black "Mchedlishvili, Mikheil"]
[Result "0-1"]
[WhiteTitle "GM"]
[BlackTitle "GM"]
[WhiteElo "2726"]
[BlackElo "2603"]
[WhiteFideId "14100010"]
[BlackFideId "13600966"]
[EventDate "2017.12.26"]

1. c4 e5 2. g3 Nc6 3. Bg2 g6 4. Nc3 Bg7 5. e3 d6 6. Nge2 Nf6 7. d3 O-O 8. O-O
Be6 9. Nd5 Qd7 10. Nec3 Ne8 11. f4 f5 12. Qa4 Kh8 13. Bd2 Nd8 14. Qxd7 Bxd7 15.
Ne2 c6 16. Ndc3 Ne6 17. b4 a6 18. Rab1 b5 19. cxb5 axb5 20. a4 bxa4 21. b5 d5
22. fxe5 Bxe5 23. d4 Bd6 24. bxc6 Bxc6 25. Nxd5 Rd8 26. Rfc1 Bxd5 27. Bxd5 N8c7
28. Ba2 Rb8 29. Kg2 Ng5 30. Nc3 a3 31. Bc4 Rb2 32. Rxb2 axb2 33. Rb1 Rb8 34. Na4
Ne4 35. Ba5 Ra8 36. Bxc7 Bxc7 37. Nxb2 Rb8 38. Bd3 Nc3 0-1

[Event "World Rapid 2017"]
[Site "Riyadh KSA"]
[Date "2017.12.27"]
[Round "10.44"]
[White "Nguyen, Ngoc Truong Son"]
[Black "Dervishi, Erald"]
[Result "1-0"]
[WhiteTitle "GM"]
[BlackTitle "GM"]
[WhiteElo "2630"]
[BlackElo "2552"]
[WhiteFideId "12401110"]
[BlackFideId "4700236"]
[EventDate "2017.12.26"]

1. d4 Nf6 2. Nf3 e6 3. Bf4 c5 4. e3 b6 5. Nbd2 Bb7 6. Nc4 d5 7. Nce5 Nbd7 8. Bb5
a6 9. Ng5 axb5 10. Nexf7 Qe7 11. Nxh8 e5 12. dxe5 Nxe5 13. Nxh7 O-O-O 14. Nxf8
Rxf8 15. Bxe5 Rxh8 16. Bxf6 Qxf6 17. Qg4+ Kd8 18. Qf4 Qg6 19. Qb8+ Bc8 20. O-O-O
Rh5 21. g4 1-0

[Event "World Rapid 2017"]
[Site "Riyadh KSA"]
[Date "2017.12.27"]
[Round "10.45"]
[White "Tregubov, Pavel V."]
[Black "Volokitin, Andrei"]
[Result "0-1"]
[WhiteTitle "GM"]
[BlackTitle "GM"]
[WhiteElo "2575"]
[BlackElo "2628"]
[WhiteFideId "4115341"]
[BlackFideId "14107090"]
[EventDate "2017.12.26"]

1. d4 Nf6 2. c4 e6 3. Nc3 Bb4 4. e3 O-O 5. Bd3 d5 6. a3 dxc4 7. Bxc4 Bd6 8. Nf3
Nc6 9. Nb5 Be7 10. O-O a6 11. Nc3 Bd6 12. Re1 e5 13. d5 e4 14. Nxe4 Nxe4 15.
dxc6 bxc6 16. b3 Qf6 17. Qd4 Qg6 18. Bb2 c5 19. Qd3 Bb7 20. Bd5 Rad8 21. Qxe4
Bxd5 22. Qxg6 hxg6 23. Nd2 Rb8 24. Rab1 Bxb3 25. Bxg7 Kxg7 26. Nxb3 c4 27. Nd4
Bxa3 28. Ra1 Bb2 29. Rxa6 c5 30. Nc6 Ra8 31. Rxa8 Rxa8 32. g4 Ra6 33. Ne7 c3 34.
Re2 Rd6 35. f4 Rd2 36. Kf2 c2 0-1

[Event "World Rapid 2017"]
[Site "Riyadh KSA"]
[Date "2017.12.27"]
[Round "10.46"]
[White "Malakhatko, Vadim"]
[Black "Naiditsch, Arkadij"]
[Result "0-1"]
[WhiteTitle "GM"]
[BlackTitle "GM"]
[WhiteElo "2542"]
[BlackElo "2705"]
[WhiteFideId "14104202"]
[BlackFideId "4650891"]
[EventDate "2017.12.26"]

1. c4 e5 2. e3 Nf6 3. Nc3 Bb4 4. Nge2 c6 5. a3 Ba5 6. b4 Bc7 7. d4 e4 8. Qc2 d5
9. cxd5 cxd5 10. Nb5 Na6 11. Nxc7+ Nxc7 12. a4 O-O 13. b5 Bd7 14. Nc3 Ng4 15.
Ba3 Re8 16. Bd6 Rc8 17. h3 Nh6 18. Qb3 Nf5 19. Bf4 Ne6 20. Be5 Qa5 21. Ra3 Nc5
22. dxc5 Rxe5 23. g4 d4 24. c6 bxc6 25. gxf5 cxb5 26. exd4 b4 27. dxe5 Rxc3 28.
Bc4 Rxb3 29. Rxb3 Bxa4 30. Re3 b3+ 31. Ke2 b2 32. Rb1 Qxe5 0-1

[Event "World Rapid 2017"]
[Site "Riyadh KSA"]
[Date "2017.12.27"]
[Round "10.47"]
[White "Khenkin, Igor"]
[Black "Howell, David W L"]
[Result "1/2-1/2"]
[WhiteTitle "GM"]
[BlackTitle "GM"]
[WhiteElo "2554"]
[BlackElo "2676"]
[WhiteFideId "4659600"]
[BlackFideId "410608"]
[EventDate "2017.12.26"]

1. d4 Nf6 2. c4 e6 3. Nf3 b6 4. Nc3 Bb4 5. e3 Bb7 6. Bd3 O-O 7. O-O c5 8. Bd2
cxd4 9. exd4 d5 10. cxd5 Bxc3 11. bxc3 exd5 12. Ne5 Ne4 13. Qh5 Nd7 14. Bf4 f6
15. Nxd7 Qxd7 16. Rac1 Rac8 17. Rc2 g6 18. Qh6 Rf7 19. h4 b5 20. Re1 Rg7 21. h5
gxh5 22. f3 1/2-1/2

[Event "World Rapid 2017"]
[Site "Riyadh KSA"]
[Date "2017.12.27"]
[Round "10.48"]
[White "Ganguly, Surya Shekhar"]
[Black "Al-Saffar, Araz Basim Mohammed S"]
[Result "0-1"]
[WhiteTitle "GM"]
[BlackTitle "IM"]
[WhiteElo "2650"]
[BlackElo "2368"]
[WhiteFideId "5002150"]
[BlackFideId "4801040"]
[EventDate "2017.12.26"]

1. c4 b6 2. d4 e6 3. a3 Bb7 4. Nc3 f5 5. Bf4 Nf6 6. e3 d6 7. Nf3 Nbd7 8. Ng5 Qe7
9. Nb5 Kd8 10. h4 h6 11. Nf3 a6 12. Nc3 Ne4 13. h5 Qf7 14. Nh4 Be7 15. Ng6 Re8
16. Nxe7 Nxc3 17. bxc3 Kxe7 18. Rg1 Kf8 19. Be2 e5 20. Bh2 Nf6 21. Rb1 Bc6 22.
Kf1 Rad8 23. Qc1 Kg8 24. a4 Bxa4 25. Qa3 Bc6 26. c5 Bb5 27. Bxb5 axb5 28. cxb6
cxb6 29. Qb3 Nd5 30. g4 fxg4 31. e4 Ne3+ 32. Ke2 Nc4 33. Rxg4 Rf8 34. f4 Qxh5
35. Rg1 Qxh2+ 36. R1g2 Qh5 37. Qxb5 d5 38. Kd3 Rf7 39. Qc6 exf4 40. Qe6 Qh3+ 41.
Kc2 Ne3+ 42. Kb3 Nxg4 43. Rxg4 Qh5 0-1

[Event "World Rapid 2017"]
[Site "Riyadh KSA"]
[Date "2017.12.27"]
[Round "10.49"]
[White "El Adnani, Mokliss"]
[Black "Moiseenko, Alexander"]
[Result "0-1"]
[WhiteTitle "IM"]
[BlackTitle "GM"]
[WhiteElo "2448"]
[BlackElo "2667"]
[WhiteFideId "9000410"]
[BlackFideId "14102560"]
[EventDate "2017.12.26"]

1. c4 e5 2. Nc3 Bb4 3. g3 Bxc3 4. dxc3 d6 5. Bg2 Ne7 6. h4 Nbc6 7. b3 Be6 8. h5
h6 9. e4 Qd7 10. f4 f5 11. g4 fxe4 12. f5 Bf7 13. Bxe4 O-O-O 14. Bd5 Nxd5 15.
cxd5 Ne7 16. c4 c6 17. Be3 cxd5 18. Bxa7 d4 19. Rh2 Qc7 0-1

[Event "World Rapid 2017"]
[Site "Riyadh KSA"]
[Date "2017.12.27"]
[Round "10.50"]
[White "Tissir, Mohamed"]
[Black "Jumabayev, Rinat"]
[Result "0-1"]
[WhiteTitle "IM"]
[BlackTitle "GM"]
[WhiteElo "2381"]
[BlackElo "2612"]
[WhiteFideId "9000240"]
[BlackFideId "13702661"]
[EventDate "2017.12.26"]

1. e4 c5 2. Nc3 Nc6 3. Bb5 Nd4 4. Bc4 e6 5. Nge2 Nf6 6. O-O a6 7. a4 Nxe4 8.
Nxd4 cxd4 9. Nxe4 d5 10. Bd3 dxe4 11. Bxe4 Bd6 12. d3 f5 13. Bf3 O-O 14. Bd2 Qc7
15. h3 Bd7 16. Re1 Kh8 17. c4 a5 18. Qb3 Ra7 19. Re2 b6 20. Rae1 e5 21. Bd5 h6
22. Qd1 Be8 23. f4 e4 24. dxe4 Bh5 25. g4 fxg4 26. Rg2 Bxf4 27. hxg4 Bg6 28.
Bxf4 Qxf4 29. Qxd4 Re7 30. Qe3 Re5 31. Ree2 Qxe3+ 32. Rxe3 Rf4 33. Rb3 Bxe4 34.
Bxe4 Rfxe4 35. Rxb6 Rxc4 36. b3 Rd4 37. Rb7 Rg5 38. Ra7 Rdxg4 39. Rxg4 Rxg4+ 40.
Kf2 Rb4 41. Rxa5 Rxb3 42. Ra7 Kh7 43. a5 h5 44. a6 Ra3 45. Ra8 g6 46. a7 Kg7 47.
Kg2 g5 48. Kh2 Kh7 49. Kg2 Ra6 50. Kf3 Ra4 51. Kg3 Ra3+ 52. Kf2 g4 53. Ke2 h4
54. Kf2 Ra2+ 55. Ke3 h3 56. Rb8 g3 57. Rb1 0-1

[Event "World Rapid 2017"]
[Site "Riyadh KSA"]
[Date "2017.12.27"]
[Round "10.51"]
[White "Inarkiev, Ernesto"]
[Black "Dobrov, Vladimir"]
[Result "1-0"]
[WhiteTitle "GM"]
[BlackTitle "GM"]
[WhiteElo "2689"]
[BlackElo "2515"]
[WhiteFideId "4162722"]
[BlackFideId "4136594"]
[EventDate "2017.12.26"]

1. e4 c5 2. Nf3 d6 3. d4 cxd4 4. Nxd4 Nf6 5. Nc3 a6 6. Be3 e5 7. Nb3 Be6 8. f3
h5 9. Qd2 Be7 10. O-O-O Nbd7 11. Kb1 Qc7 12. g3 Rc8 13. f4 b5 14. Nd5 Nxd5 15.
exd5 Bf5 16. Bd3 Bg4 17. Rdf1 Nf6 18. h3 Bd7 19. Qg2 Qb7 20. Be4 Nxe4 21. Qxe4
Be6 22. Rd1 g6 23. Na5 Qa8 24. Rd2 Bf5 25. Qg2 Bd7 26. Re1 O-O 27. g4 hxg4 28.
hxg4 Kg7 29. fxe5 dxe5 30. Qh2 Rh8 31. Qxe5+ Bf6 32. Qd6 Bxg4 33. Rf1 Bf5 34.
Nc6 Rce8 35. Qxf6+ Kxf6 36. Bd4+ Kg5 37. Rg2+ Bg4 38. Bf6+ Kh6 39. Rxg4 1-0

[Event "World Rapid 2017"]
[Site "Riyadh KSA"]
[Date "2017.12.27"]
[Round "10.52"]
[White "Dzhumagaliev, Yan"]
[Black "Georgiev, Kiril"]
[Result "1-0"]
[WhiteTitle "FM"]
[BlackTitle "GM"]
[WhiteElo "2400"]
[BlackElo "2623"]
[WhiteFideId "24100110"]
[BlackFideId "2900017"]
[EventDate "2017.12.26"]

1. d4 d5 2. c4 dxc4 3. e3 e6 4. Bxc4 Nf6 5. Nf3 c5 6. O-O a6 7. Qe2 b5 8. Bb3
Bb7 9. a4 b4 10. Nbd2 Be7 11. Rd1 Nbd7 12. e4 cxd4 13. e5 d3 14. Qxd3 Nd5 15.
Ne4 Qb8 16. Bf4 Nxf4 17. Qxd7+ Kf8 18. Nd6 Bxf3 19. gxf3 Ra7 20. Qc6 g5 21. Rac1
Ne2+ 22. Kf1 Nxc1 23. Rxc1 Bxd6 24. exd6 Kg7 25. Qc5 h6 26. Qe5+ f6 27. Qxe6 Re8
28. Rc7+ Rxc7 29. dxc7 Qc8 30. Qf7+ Kh8 31. Qxf6+ Kh7 32. Bc2+ Kg8 33. Qg6+ Kf8
34. Qxh6+ Ke7 35. Qxg5+ Kd6 36. Qf4+ Re5 37. Qf6+ 1-0

[Event "World Rapid 2017"]
[Site "Riyadh KSA"]
[Date "2017.12.27"]
[Round "10.53"]
[White "Zhao, Jun"]
[Black "Al Saidi, Mohammed Khalfan"]
[Result "1-0"]
[WhiteTitle "GM"]
[WhiteElo "2604"]
[BlackElo "1468"]
[WhiteFideId "8602522"]
[BlackFideId "22001271"]
[EventDate "2017.12.26"]

1. e4 c5 2. Nc3 Nc6 3. Bb5 Nd4 4. Bc4 e6 5. Nf3 Nxf3+ 6. Qxf3 d6 7. O-O Nf6 8.
Qg3 Be7 9. Qxg7 Rg8 10. Qh6 Rg6 11. Qe3 Bd7 12. d4 Ng4 13. Qd3 cxd4 14. Qxd4 Bf6
15. Qd3 Ne5 16. Qe2 Nxc4 17. Qxc4 Rc8 18. Qd3 Bxc3 19. bxc3 Ke7 20. Ba3 e5 21.
Qd5 Bh3 22. Qxe5+ Kf8 23. g3 Bxf1 24. Rxf1 Kg8 25. Qd5 Rxc3 26. Bb2 Rxc2 27.
Qxb7 Qc7 28. Qb5 Qc8 29. a4 h5 30. Bd4 h4 31. Qh5 Rg7 32. Bxg7 Kxg7 33. Qg5+ Kf8
34. Qxh4 Qc6 35. Rd1 Rc1 36. Qh6+ Ke7 37. Qxc1 Kd8 1-0

[Event "World Rapid 2017"]
[Site "Riyadh KSA"]
[Date "2017.12.27"]
[Round "10.54"]
[White "Halkias, Stelios"]
[Black "Amer, Said Salim Al Maashani"]
[Result "1-0"]
[WhiteTitle "GM"]
[BlackTitle "FM"]
[WhiteElo "2571"]
[BlackElo "2103"]
[WhiteFideId "4201809"]
[BlackFideId "22000100"]
[EventDate "2017.12.26"]

1. Nf3 Nf6 2. c4 c5 3. Nc3 g6 4. g3 Bg7 5. Bg2 Nc6 6. O-O O-O 7. d4 cxd4 8. Nxd4
Qb6 9. Nb3 d6 10. Be3 Qd8 11. Rc1 Be6 12. Nd5 Ng4 13. Qd2 Nxe3 14. Nxe3 Bh6 15.
f4 Qb6 16. Kh1 Nb4 17. Nd4 Nxa2 18. Rcd1 Bd7 19. Nd5 Qd8 20. b3 e6 21. Qxa2 exd5
22. Bxd5 Bh3 23. Rfe1 Qb6 24. e3 Rae8 25. Qf2 Bg7 26. Nb5 Bg4 27. Rd2 Kh8 28. e4
Qxf2 29. Rxf2 a6 30. Nxd6 Re7 31. e5 f6 32. e6 Rb8 33. Kg2 Rd8 34. Nf7+ Rxf7 35.
exf7 Bf8 36. Re8 1-0

[Event "World Rapid 2017"]
[Site "Riyadh KSA"]
[Date "2017.12.27"]
[Round "10.55"]
[White "Khader, Sami"]
[Black "Ibrahimov, Rasul"]
[Result "1/2-1/2"]
[WhiteTitle "IM"]
[BlackTitle "GM"]
[WhiteElo "2392"]
[BlackElo "2518"]
[WhiteFideId "8100500"]
[BlackFideId "13400495"]
[EventDate "2017.12.26"]

1. e4 c5 2. Nf3 d6 3. d4 cxd4 4. Nxd4 Nf6 5. Nc3 a6 6. Bg5 Nbd7 7. Qe2 h6 8. Bh4
g5 9. Bg3 e6 10. O-O-O Qc7 11. h4 Rg8 12. hxg5 hxg5 13. Kb1 Ne5 14. f3 b5 15.
Bf2 b4 16. Na4 Bd7 17. b3 Bxa4 18. bxa4 Nfd7 19. Nb3 Nb6 20. Bxb6 Qxb6 21. g3
Nd7 22. f4 Nc5 23. Nxc5 Qxc5 24. Qc4 Qxc4 25. Bxc4 gxf4 26. gxf4 Rg4 27. Rdf1
Bg7 28. Rhg1 Rxg1 29. Rxg1 Kf8 30. f5 exf5 31. Rf1 Be5 32. Rxf5 f6 33. Rf1 a5
34. Rg1 Re8 35. Rg8+ Ke7 36. Rg7+ Kd8 37. Ra7 Bd4 38. Ra8+ Ke7 39. Rxe8+ 1/2-1/2

[Event "World Rapid 2017"]
[Site "Riyadh KSA"]
[Date "2017.12.27"]
[Round "10.56"]
[White "Lodhi, Mahmood"]
[Black "Sanal, Vahap"]
[Result "0-1"]
[WhiteTitle "IM"]
[BlackTitle "GM"]
[WhiteElo "2347"]
[BlackElo "2551"]
[WhiteFideId "7800010"]
[BlackFideId "6300545"]
[EventDate "2017.12.26"]

1. d4 Nf6 2. Nf3 g6 3. g3 Bg7 4. Bg2 O-O 5. O-O d6 6. c4 Nc6 7. Nc3 a6 8. e4 Bg4
9. Be3 Nd7 10. Qd2 Bxf3 11. Bxf3 e5 12. d5 Nd4 13. Bg2 c5 14. dxc6 bxc6 15. f4
Rb8 16. f5 Nf6 17. h3 h5 18. Ne2 gxf5 19. exf5 Nxe2+ 20. Qxe2 d5 21. g4 d4 22.
Rad1 Qb6 23. Bf2 hxg4 24. hxg4 Nh7 25. b3 Bf6 26. Rd3 Ng5 27. Bh4 Qc7 28. Bg3
Rfe8 29. Be4 Kg7 30. Kg2 c5 31. Rh1 Rh8 32. Rdd1 Qd6 33. Bd5 Qe7 34. Rde1 Rxh1
35. Rxh1 Re8 36. Be4 Rh8 37. Rh5 Rxh5 38. gxh5 Qd7 39. Qg4 Kh6 40. Be1 Nxe4 41.
Qxe4 Bg5 42. Qxe5 f6 43. Qd5 Qxd5+ 44. cxd5 d3 45. d6 d2 46. Bxd2 Bxd2 47. Kf3
Kxh5 48. Ke4 Kg5 49. d7 Ba5 50. Kd5 Kxf5 51. Kxc5 Ke6 52. Kc6 f5 53. b4 Bd8 54.
a4 f4 55. b5 axb5 56. axb5 f3 0-1